The Past Before Us: (Record no. 202806)

MARC details
000 -LEADER
fixed length control field 00631nam a22001937a 4500
005 - DATE AND TIME OF LATEST TRANSACTION
control field 20240513150857.0
010 ## - LCCN (DPL NO)
LC control number ENG-140333
020 ## - INTERNATIONAL STANDARD BOOK NUMBER
Terms of availability 850.00
International Standard Book Number 9789390179398
035 ## - SYSTEM CONTROL NUMBER
System control number EN-123865
037 ## - SOURCE OF ACQUISITION
Source of stock number/acquisition DBAD
082 ## - DEWEY DECIMAL CLASSIFICATION NUMBER
Classification number 954.42
100 ## - MAIN ENTRY--PERSONAL NAME
Personal name Goyal, Shankar
245 ## - TITLE STATEMENT
Title The Past Before Us:
Remainder of title Historical Traditions in the Historiography of Rajasthan/
Statement of responsibility, etc By Shankar Goyal
260 ## - PUBLICATION, DISTRIBUTION, ETC. (IMPRINT)
Place of publication, distribution, etc Jodhpur
Name of publisher, distributor, etc Rajasthani Granthagar
Date of publication, distribution, etc 2021
270 ## - ADDRESS
Address First Floor, Opp. Ganesh Temple Outside Sojati Gate,
City Jodhpur
300 ## - PHYSICAL DESCRIPTION
Extent 317p.
Dimensions 22cm(hb)
700 ## - ADDED ENTRY--PERSONAL NAME
Personal name Goyal, Shankar
9 (RLIN) 66060
942 ## - ADDED ENTRY ELEMENTS (KOHA)
Source of classification or shelving scheme Dewey Decimal Classification
Item type English Books
Classification part 954.42
Call number suffix GOY
Holdings
Withdrawn status Lost status Not for loan Collection code Home library Current library Date acquired Source of acquisition Cost, normal purchase price Full call number Barcode Copy number Cost, replacement price Koha item type
      Non-fiction Ashok Vihar Ashok Vihar 10/05/2024 DBAD 850.00 954.42 GOY EN-123865 1 850.00 English Books

© Delhi Public Library
Hit Counter
free hit counter